书目信息 |
| 题名: |
全唐诗中的乐舞资料
|
|
| 作者: | ;中国舞蹈艺术研究会舞蹈史研究组 编 | |
| 分册: | ||
| 出版信息: | 北京 人民音乐出版社 1996 |
|
| 页数: | 10,334页 | |
| 开本: | 21cm | |
| 丛书名: | ||
| 单 册: | ||
| 中图分类: | J609.22 , I222.742 | |
| 科图分类: | ||
| 主题词: | 音乐史--中国--古代--史料 , 唐诗 , 音乐史 , 唐诗--选集 | |
| 电子资源: | ||
| ISBN: | 7-103-01474-4 | |
| 000 | 00812nam0 2200265 450 | |
| 001 | 0198017409 | |
| 005 | 20070806174410.40 | |
| 010 | @a7-103-01474-4@b精装@dCNY31.00 | |
| 100 | @a20030305e20031996em y0chiy0110 ea | |
| 101 | 0 | @achi |
| 102 | @aCN@b110000 | |
| 105 | @ak z 000gy | |
| 200 | 1 | @a全唐诗中的乐舞资料@9quan tang shi zhong de yue wu zi liao@f中国舞蹈艺术研究会舞蹈史研究组编 |
| 210 | @a北京@c人民音乐出版社@d1996@h2003 | |
| 215 | @a10,334页@d21cm | |
| 606 | 0 | @a音乐史@y中国@z古代@j史料 |
| 606 | 0 | @a唐诗 |
| 606 | 0 | @a音乐史 |
| 606 | 0 | @a唐诗@j选集 |
| 610 | 2 | @a乐舞 |
| 690 | @aJ609.22@v4 | |
| 690 | @aI222.742@v4 | |
| 711 | 02 | @a中国舞蹈艺术研究会舞蹈史研究组@9zhong guo wu dao yi shu yan jiu hui wu dao shi yan jiu zu@4编 |
| 801 | 0 | @aCN@bNLC@c20070806 |
| 905 | @a10447@dI222.742@e526 | |
| 全唐诗中的乐舞资料/中国舞蹈艺术研究会舞蹈史研究组编.-北京:人民音乐出版社,1996(2003) |
| 10,334页;21cm |
| ISBN 7-103-01474-4(精装):CNY31.00 |
| ● |
| 相关链接 |
|
|
|
|
正题名:全唐诗中的乐舞资料
索取号:I222.742/526
 
预约/预借
| 序号 | 登录号 | 条形码 | 馆藏地/架位号 | 状态 | 备注 |
| 1 | 0805117 | 208051178 | 第一样本阅览室/ [索取号:I222.742/526] | 在馆 | |
| 2 | 0805118 | 208051187 | 第二借阅区/ [索取号:I222.742/526] | 在馆 | |
| 3 | 0805119 | 208051196 | 第二借阅区/ [索取号:I222.742/526] | 在馆 | |
| 4 | 0805120 | 208051203 | 第二借阅区/ [索取号:I222.742/526] | 在馆 | |
| 5 | 0805121 | 208051212 | 密集书库-音乐系/ [索取号:I222.742/526] | 在馆 |